Every Nation in Warthunder (Line of Contact update) - Statistics

General Stats
  • This quiz has been taken 36 times
    22 since last reset
  • The average score is 29 of 63
Answer Stats
Answer % Correct
Tiger II (Sla.16) Germany
100%
T-34-85 Soviet Union
100%
M4 United States
100%
Type 69 China
94%
AMX-30 France
94%
Merkava Mk.4B Israel
94%
Ho-Ri Production Japan
94%
JAS39C Sweden
94%
Spitfire Mk la United Kingdom
94%
F-16A ADF Italy
83%
Su-34 Russia
83%
Skink Canada
67%
M24DK Denmark
67%
VIDAR Norway
67%
M1A1 AIM Australia
61%
Bt-42 Finland
61%
Turan II Hungary
61%
Osa-Ak India
61%
Leopard 2PL Poland
61%
TAM Argentina
56%
F-14A IRIAF Iran
56%
Fokker D.XXI Netherlands
56%
Al-Khalid-1 Pakistan
56%
Ratel 90 South Africa
56%
VRCC Spain
56%
Meteor F Mk.8 Belgium
50%
Hunter F.58 Switzerland
50%
M41A3 Taiwan
44%
M60 AMBT Turkey
44%
SAAB-1050E Austria
39%
VT5 Bangladesh
39%
Kflr C.10 Colombia
39%
Su-25BM Kazakhstan
39%
Shenyang F-5 North Korea
39%
G.91 R/4 Portugal
39%
Lighting F.53 Saudi Arabia
39%
T-72 AV (TURMS T) Syria
39%
AMX A-1A Brazil
33%
Mi-24D Czechia
33%
Khalid Jordan
33%
Bf 109 G-2 Romania
33%
T-72M2 Moderna Slovakia
33%
F-5A Thailand
33%
Phong Khong T-34 Vietnam
33%
Mi-35 Indonesia
28%
LE Orla Ireland
28%
HMNZS Leander New Zealand
28%
Su-30MK2 AMV Venezuela
28%
Mig-21 "Lazur-M" German Democratic Republic
22%
Mig-29N Malaysia
22%
Centauro RGO Oman
22%
Su-7BMK Egypt
17%
SMS Baden German Empire
17%
AH-64A Greece
17%
Vilkas Lithuania
17%
P-26A-34 Philippines
17%
Leopard 2A7V Federal Republic of Germany
11%
L3/33 CC Kingdom of Italy
11%
Desert Warrior Kuwait
11%
Kim Qui South Vietnam
11%
MiG-17AS Cuba
6%
Izmail Russian Empire
6%
Luchs Weimar Republic
6%
No matching quizzes found
Score Distribution
Percent of People with Each Score
Percentile by Number Answered
Your Score History
You have not taken this quiz since the last reset